East of the sun: (Record no. 157958)

MARC details
000 -LEADER
fixed length control field 00589nam a22001817a 4500
005 - DATE AND TIME OF LATEST TRANSACTION
control field 20181012144957.0
010 ## - LCCN (DPL NO)
LC control number ENG-124261
020 ## - INTERNATIONAL STANDARD BOOK NUMBER
Terms of availability 455.00
International Standard Book Number 9789380658360
035 ## - SYSTEM CONTROL NUMBER
System control number EN-107793
037 ## - SOURCE OF ACQUISITION
Source of stock number/acquisition DBAD/PUB.
082 ## - DEWEY DECIMAL CLASSIFICATION NUMBER
Classification number 915.45
100 ## - MAIN ENTRY--PERSONAL NAME
Personal name Sarma, Siddhartha
245 ## - TITLE STATEMENT
Title East of the sun:
Statement of responsibility, etc by Siddhartha Sarma
Remainder of title a nearly- stoned walk down the road in a different land /
260 ## - PUBLICATION, DISTRIBUTION, ETC. (IMPRINT)
Place of publication, distribution, etc New Delhi
Name of publisher, distributor, etc Tranquebar Press
Date of publication, distribution, etc 2010
270 ## - ADDRESS
Address 4322/3, Ansari Road, Daryaganj,
City New Delhi
Postal code 110002
300 ## - PHYSICAL DESCRIPTION
Extent 249p.
Dimensions 20cm(pbk)
Other physical details ill.
942 ## - ADDED ENTRY ELEMENTS (KOHA)
Source of classification or shelving scheme Dewey Decimal Classification
Item type English Books
Call number suffix SAR
Classification part 915.45
Holdings
Withdrawn status Lost status Not for loan Collection code Home library Current library Date acquired Source of acquisition Cost, normal purchase price Full call number Barcode Copy number Cost, replacement price Koha item type
    Not For Loan Non-fiction D.B.Act.Division Patel Nagar 12/10/2018 DBAD/PUB 455.00 915.45 SAR EN-107793 1 455.00 English Books

© Delhi Public Library
Hit Counter
free hit counter